000 00859 a2200265 4500
005 20260413114001.0
008 260413b |||||||| |||| 00| 0 eng d
020 _a978-93-91520-98-4
037 _cTB
040 _aCRL
_cCRL
041 _2eng
_aeng
084 _aV45:194653.P1 R4
_qCRL
100 _aRao, N. K.
_91114062
245 _aEurope and the middle east:
_bdiplomatic challenges in the Iran-Israel conflict
260 _aDelhi, India:
_bPrashant Publishing House,
_c2024.
300 _a284p.
365 _b1795
_cINR
650 _aIran-Foreign relations
_9857926
650 _aIsrael-Foreign relations
_91234116
650 _aIran-History
650 _aIsrael-History
_91234118
650 _aHistory
942 _cTB
_2CC
_hV45:194653.P1 R4
999 _c1678753
_d1678753